000 00557nam a22002057a 4500
005 20220519160559.0
008 220519b ||||| |||| 00| 0 eng d
020 _a0520056698
040 _cAL
041 _aEnglish
082 _223
_a894.82712
_bDHUF
100 _aDhurjati
_938018
245 _aFor the Lord of the Animals poems from the Telugu
260 _aLondon
_bUniversity of California Press
_c1987
300 _a178 p.
_bHB
_c20x13 cm.
650 _asiva
_938019
650 _aPoetry
_938020
700 _aDHURJATI
_938021
942 _2ddc
_cGF
999 _c223016
_d223016